00245 a2200109 4500001000700000020000600007040001100013100003500024240003600059245003100095362000900126169305 a  cMagnum aCarrano, Paulo Cesar R. (Org.)10aFutebol: paixao e politicalpor10aFutebol: paixao e politica0 a1899